banner koha

Antioxidant potential of the sap of the Croton lechleri Müll. Arg. stem (Euphorbiaceae) (Registro n. 337918)

MARC details
000 -LÍDER
fixed length control field 03974nab a2200313 4500
003 - CÓDIGO MARC DA AGÊNCIA CATALOGADORA
Campo de controle BR-BrBNA
005 - DATA E HORA DA ÚLTIMA ATUALIZAÇÃO
Campo de controle 20250831165837.0
008 - CAMPO DE TAMANHO FIXO
fixed length control field 250831b2024 bl.fr|pooa||| 00| 0 eng |
040 ## - FONTE DA CATALOGAÇÃO
Agência catalogadora BR-BrBNA
Idioma da catalogação por
072 ## - CATEGORIA AGRIS
Código AGRIS K50
Código do objeto 2790
100 ## - ENTRADA PRINCIPAL - NOME PESSOAL
Nome pessoal Perín, Simone Letícia
100 ## - ENTRADA PRINCIPAL - NOME PESSOAL
Nome pessoal Chendynski, Letícia Thaís
100 ## - ENTRADA PRINCIPAL - NOME PESSOAL
Nome pessoal Gomes, Sandra Inês Adams Angnes
100 ## - ENTRADA PRINCIPAL - NOME PESSOAL
Nome pessoal Giusti, Edneia Durli
245 ## - TÍTULO PRINCIPAL
Título principal Antioxidant potential of the sap of the Croton lechleri Müll. Arg. stem (Euphorbiaceae)
500 ## - NOTA GERAL
Nota geral Summaries (En, Pt); 29 ref.; 5 illus.; 7 tables
942 ## - ADDED ENTRY ELEMENTS (KOHA)
Koha item type Analítica
520 ## - NOTA DE RESUMO
Nota de conteúdo The Croton lechleri plant is used by the indigenous and riverside population for its healing and anesthetic power. The objective of this research was to evaluate the amount of total phenolic compounds and the antioxidant properties of the sap extracted from the stem of the Blood Dragon (Croton lechleri) to use the natural extract as a renewable alternative to the synthetic antioxidants present in the food and biodiesel industry. The extraction conditions were optimized and the antioxidant activity of these bioactive compounds through fractional factorial design. The variations were: solvent (pure water, 50% ethanol, 100% ethanol), temperature (50 °C, 70 °C and 90 °C) and time (30 min, 60 min, 90 min). Nine assays were evaluated with the software Statist 7®. The total phenolic compounds content ranged from 92.22 ± 1.35 to 193.29 ± 1.93 mg of EAG/g of sap and antioxidant activity by the ABTS method from 15.17 ± 0.08 to 26.80 ± 0.04 mM TE/g sap. The analysis of the global response and its equations made it possible to verify that ethanol 50% (v/v) was more effective in extracting total phenolic compounds and antioxidant activity under conditions of 90°C and shorter extraction time, 30 minutes.<br/><br/>Keywords: experimental design, extraction, blood dragon, total phenolic compounds
520 ## - NOTA DE RESUMO
Nota de conteúdo Potencial antioxidante da seiva do caule da planta Croton lechleri Müll. Arg. (Euphorbiaceae). A planta Croton lechleri é utilizada pela população indígena e ribeirinha devido seu poder curativo e anestésico. O objetivo da pesquisa foi avaliar a quantidade de compostos fenólicos totais e as propriedades antioxidantes da seiva extraída do caule da planta conhecida como Sangue de Dragão (Croton lechleri) para utilizar o extrato natural como alternativa renovável aos antioxidantes sintéticos presentes na indústria de alimentos e de biodiesel. As condições de extração e a atividade antioxidante destes compostos bioativos foram otimizadas através de planejamento fatorial fracionado. As variações foram: solvente (água pura, etanol 50%, etanol 100%), temperatura (50 °C, 70 °C e 90 °C) e tempo (30 min, 60 min, 90 min). Nove ensaios foram avaliados com o software Statist 12®. O teor de compostos fenólicos totais variou de 92,22 ± 1,35 a 193,29 ± 1,93 mg de EAG/g de seiva e a atividade antioxidante pelo método ABTS de 15,17 ± 0,08 a 26,80 ± 0,04 mM TE/g de seiva. A análise da resposta global e suas equações permitiu verificar que o etanol 50% (v/v) foi mais eficaz na extração de compostos fenólicos totais e atividade antioxidante nas condições de extração a 90°C e o menor tempo de 30 minutos.<br/><br/>Palavras-chaves: delineamento experimental, extração, sangue do dragão, compostos fenólicos totais
650 ## - ASSUNTO - THESAGRO
Cabeçalho tópico ou nome geográfico CROTON LECHLERI
650 ## - ASSUNTO - THESAGRO
Cabeçalho tópico ou nome geográfico ÁRVORE
650 ## - ASSUNTO - THESAGRO
Cabeçalho tópico ou nome geográfico PLANTA MEDICINAL
650 ## - ASSUNTO - THESAGRO
Cabeçalho tópico ou nome geográfico CAULE
650 ## - ASSUNTO - THESAGRO
Cabeçalho tópico ou nome geográfico EXTRATO VEGETAL
650 ## - ASSUNTO - THESAGRO
Cabeçalho tópico ou nome geográfico ANTIOXIDANTE
773 0# - ENTRADA ANALÍTICA
Host Biblionumber 4944
Registro do item 346139
Imprenta Universidade Federal de Tocantins. Centro de Monitoramento Ambiental e Manejo do Fogo 2010
Outro identificador 2024-6787
Título Journal of Biotechnology and Biodiversity (Brazil)
ISSN 2179-4804
Colação v. 12(1) p. 1-14; (2024)
Número de controle de registro BR2025002167
856 ## - ACESSO E ENDEREÇO ELETRÔNICO
Identificador uniforme de recurso - URI https://docs.uft.edu.br/s/-CBaEy0NRKm0EQLUDYn10Q

Nenhum exemplar disponível.

BINAGRI

Telefone: (61)3218-2567/2388/3357/2097 - binagri@agro.gov.br

Ministério da Agricultura e Pecuária , Esplanada dos Ministérios, Bloco D, Anexo B, Brasília/DF, CEP: 70.043-900